000
00204 a2200109 4500
020
_a
9781894379069
041
_a
eng
100
_a
Marilyn Baillie
245
_a
No se to toes
942
_c
BK
952
_7
1
999
_c
18825
_d
18825